[Event "Florianopolis op 9th"]
[Site "Florianopolis"]
[Date "2023.01.29"]
[Round "10"]
[White "Lunelli, Neuri Antonio"]
[Black "Romais, Rodrigo"]
[Result "1-0"]
[WhiteElo "1799"]
[BlackElo "1548"]
[PlyCount "36"]
[EventDate "2023.01.23"]
[EventType "swiss"]
[EventRounds "10"]
[EventCountry "BRA"]
[SourceTitle "CBM 212 Extra"]
[Source "ChessBase"]
[SourceDate "2023.03.31"]
[SourceVersion "1"]
[SourceVersionDate "2023.03.31"]
[SourceQuality "1"]

1. c4 e6 2. g3 Nf6 3. Bg2 d5 4. d4 c6 5. Nc3 Nbd7 6. cxd5 cxd5 7. Nf3 Bd6 8. 0-0 a6 9. Qc2 b5 10. e4 dxe4 11. Nxe4 Nxe4 12. Qxe4 Rb8 13. Bg5 Nf6 14. Bxf6 gxf6 15. Rfe1 Bb7 16. Qh4 Be7 17. Rad1 Qd5 18. Qf4 Qxa2 1-0

[Event "Florianopolis op 9th"]
[Site "Florianopolis"]
[Date "2023.01.28"]
[Round "8"]
[White "Ramos, Rafael Cabreira"]
[Black "Romais, Rodrigo"]
[Result "0-1"]
[WhiteElo "1161"]
[BlackElo "1548"]
[PlyCount "42"]
[EventDate "2023.01.23"]
[EventType "swiss"]
[EventRounds "10"]
[EventCountry "BRA"]
[SourceTitle "CBM 212 Extra"]
[Source "ChessBase"]
[SourceDate "2023.03.31"]
[SourceVersion "1"]
[SourceVersionDate "2023.03.31"]
[SourceQuality "1"]

1. e4 e6 2. d4 d5 3. Nc3 Nf6 4. e5 Nfd7 5. f4 c5 6. Nf3 a6 7. Be2 Nc6 8. Be3 b5 9. a3 Qb6 10. Qd2 cxd4 11. Bxd4 Nxd4 12. Nxd4 Bc5 13. Nf3 Be3 14. Qd1 Bxf4 15. Rf1 Nxe5 16. Nxe5 Bxe5 17. h3 Bg3+ 18. Kd2 Qd4+ 19. Bd3 Bf4+ 20. Ke1 Qe3+ 21. Ne2 Bg3+ 0-1

[Event "Florianopolis op 9th"]
[Site "Florianopolis"]
[Date "2023.01.28"]
[Round "9"]
[White "Romais, Rodrigo"]
[Black "Dos Santos, Dwlyan Silva"]
[Result "1/2-1/2"]
[WhiteElo "1548"]
[BlackElo "1810"]
[PlyCount "117"]
[EventDate "2023.01.23"]
[EventType "swiss"]
[EventRounds "10"]
[EventCountry "BRA"]
[SourceTitle "CBM 212 Extra"]
[Source "ChessBase"]
[SourceDate "2023.03.31"]
[SourceVersion "1"]
[SourceVersionDate "2023.03.31"]
[SourceQuality "1"]

1. e4 c5 2. Nf3 e6 3. d3 g6 4. g3 Bg7 5. Bg2 Ne7 6. 0-0 0-0 7. e5 d5 8. c3 Nbc6 9. Re1 Qc7 10. Bf4 b5 11. a3 a5 12. d4 cxd4 13. cxd4 Qb6 14. Nc3 Bd7 15. Qd2 Nf5 16. Ne2 a4 17. g4 Nfe7 18. h4 Na5 19. Rab1 Nc4 20. Qd1 Rfc8 21. Ng3 b4 22. axb4 Qxb4 23. Qe2 Bb5 24. Bd2 Nxd2 25. Qxd2 Qb3 26. Qg5 Ra7 27. h5 h6 28. Qf4 g5 29. Nxg5 hxg5 30. Qxg5 Kh7 31. Ne4 dxe4 32. Bxe4+ Kg8 33. h6 Ng6 34. hxg7 Bd3 35. Re3 Bxe4 36. Rxb3 axb3 37. Re1 Bd5 38. f4 Rc2 39. f5 exf5 40. gxf5 Rg2+ 41. Qxg2 Bxg2 42. Kxg2 Nh4+ 43. Kh3 Nxf5 44. d5 Kxg7 45. Kg4 Ne7 46. d6 Nc6 47. Kf5 Ra5 48. Rg1+ Kf8 49. Re1 Ke8 50. Kf6 Rd5 51. Re3 Nd4 52. Rc3 Ne6 53. Rxb3 Rd4 54. Rb8+ Nd8 55. b4 Kd7 56. b5 Rf4+ 57. Kg7 Ne6+ 58. Kg8 Nd8 59. Kg7 1/2-1/2

[Event "Florianopolis op 9th"]
[Site "Florianopolis"]
[Date "2023.01.25"]
[Round "4"]
[White "Borsato, Ana Carolina Teodor"]
[Black "Romais, Rodrigo"]
[Result "1-0"]
[WhiteElo "1832"]
[BlackElo "1548"]
[PlyCount "99"]
[EventDate "2023.01.23"]
[EventType "swiss"]
[EventRounds "10"]
[EventCountry "BRA"]
[SourceTitle "CBM 212 Extra"]
[Source "ChessBase"]
[SourceDate "2023.03.31"]
[SourceVersion "1"]
[SourceVersionDate "2023.03.31"]
[SourceQuality "1"]

1. e4 e6 2. d4 d5 3. e5 c5 4. Qg4 cxd4 5. Nf3 Nc6 6. Bd3 Qc7 7. Bf4 Nge7 8. 0-0 Ng6 9. Bxg6 hxg6 10. Nbd2 Bd7 11. Nb3 Rc8 12. Nbxd4 Be7 13. c3 Qb6 14. Rab1 Nxd4 15. Nxd4 a6 16. Rfe1 Bb5 17. Qf3 Bc6 18. Qg3 Bh4 19. Qg4 Be7 20. Be3 Bd7 21. Nf3 Qa5 22. Bd4 Rh5 23. a3 Bb5 24. Rbd1 Ba4 25. Rd2 Qd8 26. Be3 Rc4 27. Nd4 Bd7 28. Bf4 Bg5 29. Bxg5 Rxg5 30. Qh3 Rh5 31. Qd3 Qh4 32. h3 Qg5 33. Re3 Ke7 34. Rd1 Rc8 35. Rde1 Rch8 36. Rg3 Qh6 37. Nf3 Bb5 38. Qd4 Rc8 39. Qb6 Bc6 40. Qc5+ Ke8 41. Rg4 Qh8 42. Qd4 Bd7 43. b3 Qf8 44. Qd3 Qxa3 45. Rxg6 Qxb3 46. Rxg7 Rxc3 47. Qd4 Rc4 48. Qa7 Rf5 49. Rg8+ Ke7 50. Qb8 1-0

[Event "BRA-ch 88th"]
[Site "Recife"]
[Date "2022.12.19"]
[Round "7"]
[White "Gusmao Neto, Niceas Arcoverde"]
[Black "Romais, Rodrigo"]
[Result "1-0"]
[WhiteElo "1873"]
[BlackElo "1523"]
[PlyCount "45"]
[EventDate "2022.12.15"]
[EventType "swiss"]
[EventRounds "11"]
[EventCountry "BRA"]
[SourceTitle "CBM 212 Extra"]
[Source "ChessBase"]
[SourceDate "2023.03.31"]
[SourceVersion "1"]
[SourceVersionDate "2023.03.31"]
[SourceQuality "1"]

1. f4 Nf6 2. Nf3 d5 3. e3 c5 4. b3 e6 5. Bb2 a6 6. Be2 b5 7. a4 b4 8. 0-0 Bb7 9. Qe1 Nbd7 10. d3 Rc8 11. Nbd2 Be7 12. Ne5 0-0 13. Bf3 a5 14. Qg3 g6 15. Rad1 Qc7 16. Qh3 Rfe8 17. g4 Nxe5 18. Bxe5 Qd8 19. g5 Nd7 20. Ba1 Ba6 21. Be2 Bf8 22. Rf3 Rc7 23. Qxh7+ 1-0

[Event "Rio de Janeiro Duchamp op 4th"]
[Site "Rio de Janeiro"]
[Date "2022.12.07"]
[Round "1"]
[White "Bezerra, Natacio Goncalves"]
[Black "Romais, Rodrigo"]
[Result "1-0"]
[WhiteElo "1988"]
[BlackElo "1523"]
[PlyCount "45"]
[EventDate "2022.12.07"]
[EventType "swiss"]
[EventRounds "9"]
[EventCountry "BRA"]
[SourceTitle "CBM 211 Extra"]
[Source "ChessBase"]
[SourceDate "2023.01.31"]
[SourceVersion "1"]
[SourceVersionDate "2023.01.31"]
[SourceQuality "1"]

1. e4 e6 2. d4 d5 3. Nd2 Nf6 4. e5 Nfd7 5. Bd3 c5 6. c3 Nc6 7. Ne2 a6 8. Nf3 b5 9. 0-0 Qb6 10. Re1 b4 11. c4 dxc4 12. Bxc4 cxd4 13. Nexd4 Nxd4 14. Nxd4 Bc5 15. Be3 Bb7 16. Nb3 Qc6 17. Bf1 Bxe3 18. Rxe3 Rd8 19. Qg4 g6 20. Qxb4 Ba8 21. Rc1 Rb8 22. Rxc6 Rxb4 23. Rc8+ 1-0

[Event "Cuiaba Contaud op"]
[Site "Cuiaba"]
[Date "2022.10.27"]
[Round "4"]
[White "Romais, Rodrigo"]
[Black "Oliveira, Leonardo Tadeu De A"]
[Result "0-1"]
[WhiteElo "1545"]
[BlackElo "2037"]
[PlyCount "92"]
[EventDate "2022.10.25"]
[EventType "swiss"]
[EventRounds "9"]
[EventCountry "BRA"]
[SourceTitle "EXT 2024"]
[Source "ChessBase"]
[SourceDate "2023.10.10"]
[SourceVersion "1"]
[SourceVersionDate "2023.10.10"]
[SourceQuality "1"]

1. e4 c5 2. Nf3 g6 3. d3 Bg7 4. g3 Nc6 5. Bg2 d6 6. 0-0 Nf6 7. c3 0-0 8. Re1 Bd7 9. Nbd2 Qc7 10. Nf1 Rac8 11. h4 b5 12. Bf4 Nh5 13. Be3 b4 14. Qd2 Qa5 15. c4 Rfd8 16. a3 Rb8 17. axb4 Qxb4 18. Qxb4 Rxb4 19. Rab1 Rdb8 20. b3 Rxb3 21. Rbd1 Nf6 22. d4 Bg4 23. N1d2 Ra3 24. dxc5 Ne5 25. cxd6 exd6 26. Rb1 Nxf3+ 27. Nxf3 Re8 28. Rb7 h6 29. Nd2 a5 30. Reb1 Be6 31. Ra7 Ng4 32. Rbb7 Nxe3 33. fxe3 Rd3 34. Nf1 Bc3 35. Kh2 Bxc4 36. g4 Be6 37. Kg3 Be1+ 38. Kf3 Rb3 39. Rc7 Reb8 40. Rc2 Rb2 41. Rac7 Rxc2 42. Rxc2 Bb3 43. Rc6 Bb4 44. h5 a4 45. hxg6 fxg6 46. e5 Bd5+ 0-1

[Event "Cuiaba Contaud op"]
[Site "Cuiaba"]
[Date "2022.10.26"]
[Round "2"]
[White "Romais, Rodrigo"]
[Black "Belina, Jose Carlos Fernand"]
[Result "0-1"]
[WhiteElo "1545"]
[BlackElo "1348"]
[PlyCount "70"]
[EventDate "2022.10.25"]
[EventType "swiss"]
[EventRounds "9"]
[EventCountry "BRA"]
[SourceTitle "EXT 2024"]
[Source "ChessBase"]
[SourceDate "2023.10.10"]
[SourceVersion "1"]
[SourceVersionDate "2023.10.10"]
[SourceQuality "1"]

1. e4 e5 2. Bc4 Nf6 3. d3 c6 4. Nc3 d5 5. exd5 cxd5 6. Bb3 Nc6 7. a3 h6 8. Nge2 Bc5 9. h3 0-0 10. 0-0 a5 11. Ng3 Nd4 12. Ba2 Nf5 13. Qf3 Nh4 14. Qe2 Re8 15. Nh5 Ra6 16. Nxf6+ Rxf6 17. Bxd5 Rg6 18. Be4 f5 19. Bd5+ Kh8 20. g3 Rxg3+ 21. Kh2 Rxh3+ 22. Kxh3 f4+ 23. Kh2 Qd7 24. Rh1 f3 25. Bxf3 Qh3+ 26. Kg1 Nxf3+ 27. Qxf3 Qxf3 28. Ne4 Bb6 29. Bxh6 Bh3 30. Rh2 gxh6 31. Rf1 Bxf1 32. Kxf1 Qd1+ 33. Kg2 Rg8+ 34. Ng3 Kh7 35. Rh5 Qxh5 0-1

[Event "Pan American-ch U1700"]
[Site "Timbo"]
[Date "2021.12.04"]
[Round "7"]
[White "Rodrigues Mota, Sophia Lorena"]
[Black "Romais, Rodrigo"]
[Result "1-0"]
[WhiteElo "1425"]
[BlackElo "1594"]
[PlyCount "91"]
[EventDate "2021.12.01"]
[EventType "swiss"]
[EventRounds "9"]
[EventCountry "BRA"]
[SourceTitle "CBM 205 Extra"]
[Source "ChessBase"]
[SourceDate "2022.01.31"]
[SourceVersion "1"]
[SourceVersionDate "2022.01.31"]
[SourceQuality "1"]

1. e4 e6 2. d4 d5 3. Nc3 Nf6 4. Bg5 dxe4 5. Nxe4 Be7 6. Nxf6+ gxf6 7. Be3 b6 8. Bb5+ Bd7 9. Bxd7+ Nxd7 10. Nf3 f5 11. Bf4 Nf6 12. Ne5 Qd5 13. f3 Nd7 14. c3 Nxe5 15. Bxe5 Rg8 16. Rg1 Bd6 17. Qe2 Bxe5 18. Qxe5 Qxe5+ 19. dxe5 Rd8 20. Rd1 Rxd1+ 21. Kxd1 Ke7 22. Ke2 f6 23. exf6+ Kxf6 24. g4 h5 25. h3 fxg4 26. fxg4 hxg4 27. Rxg4 Rh8 28. h4 Rh7 29. Kf3 a5 30. Ke4 Rd7 31. Rg2 Rh7 32. Rf2+ Ke7 33. Rh2 Rh5 34. Kf4 Kf6 35. Kg4 Kg6 36. Re2 Rb5 37. Rxe6+ Kf7 38. Re2 Rc5 39. Rh2 Kg6 40. h5+ Kh6 41. Kf4 c6 42. Re2 Kxh5 43. Re5+ Kg6 44. Rxc5 bxc5 45. Ke5 Kf7 46. Kd6 1-0

[Event "Pan American-ch U1700"]
[Site "Timbo"]
[Date "2021.12.01"]
[Round "2"]
[White "Romais, Rodrigo"]
[Black "Do Amaral Vailant, Helena Ketheryne"]
[Result "1/2-1/2"]
[WhiteElo "1594"]
[BlackElo "1467"]
[PlyCount "53"]
[EventDate "2021.12.01"]
[EventType "swiss"]
[EventRounds "9"]
[EventCountry "BRA"]
[SourceTitle "CBM 205 Extra"]
[Source "ChessBase"]
[SourceDate "2022.01.31"]
[SourceVersion "1"]
[SourceVersionDate "2022.01.31"]
[SourceQuality "1"]

1. e4 e5 2. Bc4 Nf6 3. d3 Be7 4. Nc3 0-0 5. f4 d6 6. fxe5 dxe5 7. Nf3 Bd6 8. Bg5 c6 9. 0-0 Qb6+ 10. Kh1 Ng4 11. Qe1 Nd7 12. h3 Ngf6 13. Bb3 h6 14. Be3 Qc7 15. Qg3 Nh5 16. Qg6 Nf4 17. Qg3 Nc5 18. Bxc5 Bxc5 19. Nxe5 Nh5 20. Qh2 Bd6 21. d4 Be6 22. Bxe6 fxe6 23. g4 Nf6 24. Qg2 Bxe5 25. dxe5 Qxe5 26. Rad1 Rad8 27. h4 1/2-1/2

[Event "BRA-ch 87th"]
[Site "Cuiaba"]
[Date "2021.10.28"]
[Round "1"]
[White "Gauche, Charles"]
[Black "Romais, Rodrigo"]
[Result "1-0"]
[WhiteElo "2155"]
[BlackElo "1652"]
[PlyCount "83"]
[EventDate "2021.10.28"]
[EventType "swiss"]
[EventRounds "11"]
[EventCountry "BRA"]
[SourceTitle "CBM 205 Extra"]
[Source "ChessBase"]
[SourceDate "2022.01.31"]
[SourceVersion "1"]
[SourceVersionDate "2022.01.31"]
[SourceQuality "1"]

1. e4 e6 2. d4 d5 3. Nd2 c5 4. Ngf3 Nc6 5. exd5 Qxd5 6. Bc4 Qd8 7. Nb3 cxd4 8. 0-0 Nf6 9. Nbxd4 Bd7 10. Qe2 Bc5 11. Be3 Nxd4 12. Nxd4 0-0 13. Nxe6 Bxe6 14. Bxc5 Bxc4 15. Qxc4 Rc8 16. Qb4 Re8 17. c3 a5 18. Qb6 Qd5 19. Be3 Re6 20. Qd4 Qh5 21. h3 Rce8 22. Rfe1 h6 23. Qd1 Qb5 24. b3 Nd5 25. c4 Nxe3 26. Rxe3 Qf5 27. Rxe6 Rxe6 28. Qd8+ Kh7 29. Qd2 Qf6 30. Rd1 Qe7 31. Qxa5 Ra6 32. Qf5+ g6 33. Qd7 Qf6 34. a4 Rb6 35. Rd3 Qa1+ 36. Kh2 Qe5+ 37. Kg1 Qe1+ 38. Kh2 Qe5+ 39. g3 Qf6 40. Kg2 Re6 41. Rf3 Qe7 42. Rxf7+ 1-0

[Event "Cuiaba Mato Grosso-ch"]
[Site "Cuiaba"]
[Date "2019.12.08"]
[Round "6"]
[White "Da Silva, Debora Oliveira Lop"]
[Black "Romais, Rodrigo"]
[Result "0-1"]
[WhiteElo "1762"]
[BlackElo "1638"]
[PlyCount "50"]
[EventDate "2019.12.06"]
[EventType "swiss"]
[EventRounds "6"]
[EventCountry "BRA"]
[SourceTitle "CBM 193 Extra"]
[Source "ChessBase"]
[SourceDate "2020.01.31"]
[SourceVersion "1"]
[SourceVersionDate "2020.01.31"]
[SourceQuality "1"]

1. d4 Nf6 2. Bf4 d5 3. Nf3 g6 4. e3 Bg7 5. Be2 0-0 6. h3 Nbd7 7. 0-0 c5 8. c3 a6 9. a4 b6 10. Nbd2 Bb7 11. b4 c4 12. Qc2 Re8 13. Ne5 Rc8 14. b5 a5 15. Bf3 Nf8 16. Rfe1 N6d7 17. Nxd7 Nxd7 18. Re2 e5 19. Bh2 f5 20. dxe5 Bxe5 21. Nxc4 Bxh2+ 22. Kxh2 Rxc4 23. Rd2 Qc7+ 24. Kg1 Nf6 25. Rad1 Ne4 0-1

[Event "Cuiaba Contaud op"]
[Site "Cuiaba"]
[Date "2019.06.01"]
[Round "3"]
[White "Labussiere, Victor"]
[Black "Romais, Rodrigo"]
[Result "1-0"]
[WhiteElo "2038"]
[BlackElo "1643"]
[PlyCount "77"]
[EventDate "2019.05.31"]
[EventType "swiss"]
[EventRounds "6"]
[EventCountry "BRA"]
[SourceTitle "EXT 2020"]
[Source "ChessBase"]
[SourceDate "2019.10.17"]
[SourceVersion "1"]
[SourceVersionDate "2019.10.17"]
[SourceQuality "1"]

1. c4 c5 2. Nc3 Nf6 3. e3 g6 4. d4 cxd4 5. exd4 d5 6. Qb3 Nc6 7. cxd5 Nb8 8. Nge2 Bg7 9. g3 0-0 10. Bg2 Nbd7 11. 0-0 Qb6 12. Qa3 Re8 13. Bf4 Nh5 14. Be3 Bf8 15. Qa4 Ndf6 16. Qb5 Qd6 17. h3 Bd7 18. Qb3 e6 19. g4 Ng7 20. dxe6 Bxe6 21. d5 Bd7 22. Bf4 Qa6 23. Ng3 Bd6 24. Bxd6 Qxd6 25. Nce4 Nxe4 26. Nxe4 Qa6 27. Nc5 Qb5 28. Qxb5 Bxb5 29. Rfe1 b6 30. Ne4 Rad8 31. Nf6+ Kf8 32. Nxh7+ Kg8 33. Nf6+ Kf8 34. Nxe8 Nxe8 35. Rac1 Ba6 36. f4 Bb7 37. Kf2 Nf6 38. Bf3 Nxd5 39. Rcd1 1-0

[Event "Florianopolis op 5th"]
[Site "Florianopolis"]
[Date "2019.01.25"]
[Round "7"]
[White "Araujo, Karla Priscilla Car"]
[Black "Romais, Rodrigo"]
[Result "0-1"]
[WhiteElo "1380"]
[BlackElo "1591"]
[PlyCount "52"]
[EventDate "2019.01.21"]
[EventType "swiss"]
[EventRounds "10"]
[EventCountry "BRA"]
[SourceTitle "CBM 188 Extra"]
[Source "ChessBase"]
[SourceDate "2019.02.26"]
[SourceVersion "1"]
[SourceVersionDate "2019.02.26"]
[SourceQuality "1"]

1. e4 e6 2. Qe2 c5 3. d3 Nc6 4. Nf3 Nge7 5. g3 d5 6. e5 Nf5 7. c3 Be7 8. h4 d4 9. Bg2 Qb6 10. 0-0 c4 11. Re1 dxc3 12. bxc3 Nxg3 13. Qd1 cxd3 14. Qxd3 Nf5 15. h5 h6 16. Nbd2 0-0 17. Ne4 Rd8 18. Qe2 Qc7 19. Bf4 b6 20. Ng3 Nxg3 21. Bxg3 Bb7 22. Kh2 Bc5 23. Rg1 Ne7 24. Rad1 Nf5 25. Bf4 Bb4 26. Rh1 Qxc3 0-1

[Event "Florianopolis op 5th"]
[Site "Florianopolis"]
[Date "2019.01.24"]
[Round "6"]
[White "Romais, Rodrigo"]
[Black "Deus Filho, Joaquim"]
[Result "0-1"]
[WhiteElo "1591"]
[BlackElo "1936"]
[PlyCount "62"]
[EventDate "2019.01.21"]
[EventType "swiss"]
[EventRounds "10"]
[EventCountry "BRA"]
[SourceTitle "CBM 188 Extra"]
[Source "ChessBase"]
[SourceDate "2019.02.26"]
[SourceVersion "1"]
[SourceVersionDate "2019.02.26"]
[SourceQuality "1"]

1. e4 c5 2. Nf3 e6 3. d4 cxd4 4. Nxd4 Nf6 5. Nc3 a6 6. a3 d5 7. e5 Nfd7 8. Nf3 Qc7 9. Qe2 Nc6 10. g3 Ndxe5 11. Nxe5 Qxe5 12. Qxe5 Nxe5 13. Bf4 Nf3+ 14. Ke2 Nd4+ 15. Kd2 Be7 16. Bg2 0-0 17. Rad1 Bd7 18. Kc1 Nf5 19. Bh3 g6 20. Bxf5 gxf5 21. Bh6 Rfc8 22. Ne2 Bf6 23. Kb1 Rc7 24. Rd2 Rac8 25. h4 b5 26. f4 Rc4 27. c3 a5 28. h5 b4 29. axb4 axb4 30. cxb4 Rxb4 31. Rh2 Bb5 0-1

[Event "BRA-ch Amateur U1800"]
[Site "Sao Paulo"]
[Date "2017.10.14"]
[Round "6"]
[White "Romais, Rodrigo"]
[Black "Massambani Neto, Laurindo"]
[Result "1/2-1/2"]
[WhiteElo "1615"]
[BlackElo "1659"]
[PlyCount "60"]
[EventDate "2017.10.12"]
[EventType "swiss"]
[EventRounds "7"]
[EventCountry "BRA"]
[SourceTitle "EXT 2019"]
[Source "ChessBase"]
[SourceDate "2018.10.10"]
[SourceVersion "1"]
[SourceVersionDate "2018.10.10"]
[SourceQuality "1"]

1. d4 d5 2. c4 e6 3. Bf4 Nf6 4. Nf3 Bd6 5. Bg5 Be7 6. e3 0-0 7. h3 b6 8. Bd3 Nbd7 9. Nc3 Bb7 10. 0-0 c5 11. Qc2 cxd4 12. exd4 dxc4 13. Bxf6 Nxf6 14. Be2 Rc8 15. Ne5 Qxd4 16. Bf3 Bxf3 17. Nxf3 Qc5 18. Rad1 Rfd8 19. Ne4 Nxe4 20. Qxe4 Rxd1 21. Rxd1 Rd8 22. Rxd8+ Bxd8 23. Ne5 Bf6 24. Qa8+ Qf8 25. Qxf8+ Kxf8 26. Nxc4 Ke7 27. Kf1 b5 28. Na5 Kd6 29. b3 Bc3 30. Nb7+ Kc7 1/2-1/2